00219nam a22000977a 4500020001800000082001700018100002200035245003200057260002300089300000900112 a0-7131-3291-4 a670.42 CHA'W aCHAPMAN, W.A.J.DR aWORKSHOP TECHNOLOGY PART-II aLONDONbELBSc1972 a399P